00309nam a2200109 a 450000500170000000800410001705000180005810000240007624500310010026000370013144000310016820140414131907.0100916s19uu xx 00 eng d aFICbT22 2007 aTeitelbaum, Michael aThe lost scrolls :bwater. aNew York :bScholastic ,c2007. aAvatar: the last airbender